De mentes eternos: antología literaria

Saved in:
Bibliographic Details
Main Authors: Sandoval, Antonio (Author), Labra, Sebastián (Author), Urzúa, Juan (Author), Salazar, Juan (Author), Fuentes, Eric (Author), Bravo, Felipe (Author), Salinas Pablo (Author), Salinas Luis (Author), Mora Rafael (Author), Tápia, Mario (Author)
Corporate Author: CLAN 61 (Author)
Format: Book
Language:Spanish
Published: Viña del Mar Cruce 2003
Subjects:
Tags: Add Tag
No Tags, Be the first to tag this record!

MARC

LEADER 00000nam a2200000 a 4500
001 UCH6207
003 CL-VaPUC
008 091109e20030000CL |||||||||||||||||spa|d
082 0 4 |a Ch868  |b SAN  |2 21 
100 0 |a Sandoval, Antonio  |e author  |9 542617 
700 0 |a Labra, Sebastián  |e author  |9 542618 
700 0 |a Urzúa, Juan  |e author  |9 542619 
700 0 |a Salazar, Juan  |e author  |9 542620 
700 0 |a Fuentes, Eric  |e author  |9 542621 
700 0 |a Bravo, Felipe  |e author  |9 542622 
700 0 |a Salinas Pablo  |e author  |9 542623 
700 0 |a Salinas Luis  |e author  |9 542624 
700 0 |a Mora Rafael  |e author  |9 542625 
700 0 |a Tápia, Mario  |e author  |9 542626 
110 2 |a CLAN 61  |e author  |9 542627 
245 1 0 |a De mentes eternos: antología literaria 
300 |a 142 p 
942 |c BK 
945 |d 20091109 00:00:00  |a lazolas 
260 |a Viña del Mar  |b Cruce  |c 2003 
650 0 |a Cuentos chilenos   |9 308280 
650 0 |a Poesías chilenas   |9 265280 
650 0 |a Literatura chilena   |9 308278 
650 0 |a Antologías  |9 309836 
583 |a last modification  |c 20091109 00:00:00  |k Rodrigo Vera 
999 |c 337146  |d 337144